000 00466cam a22001457a 4500
008 180718b1911 xxu||||| |||| 00| 0 eng d
082 _aA6x42 R545e C.2
100 _aRobertson, Charles Grant
245 _aEngland under the hanoverians
_cby Charles Grant Robertson
260 _aLondon
_bMethuen
_c1911
300 _aV6, xii,575p.
500 _aA history of England, in eight volumes
650 _aGreat Britain --History --1714-1837.
650 _aHanover, House of
999 _c410934
_d410934